1078 1533 1384 1610 1792 1196 1825 1957 1978 1254 1319 1512 1273 1046 1571 1101 1349 1997 1298 1144 1269 1892 1328 1790 1569 1329 1959 1606 1942 1192 1769 1161 1928 1853 1764 1315 1337 1128 1055 1972 1963 1513 1140 1152 1772 1594 1638 1659 1913 1791 1508 1709 1312 1511 1756 1993 1783 1638 1624 1005 1134 1936 1354 1338 1106 1943 1235 1460 1489 1916 1452 1962 1413 1158 1390 1432 1763 1297 1964 1383 1766 1684 1977 1549 1113 1710 1373 1801 1272 1824 1122 1187 1624 1000 1121 1656 1709 1889 1484 BCNSPRNW ULIB Ver.6.0+V

เปลี่ยนเป็นภาษาไทย

Change to English
 แสดงรายละเอียดบรรณานุกรม
  กลับหน้าหลัก

Brief Record : Get Marc (ISO 2709) : E-mail record : QR code < ปิดหน้าต่าง
LEADER : 00000nam 2200000uu 4500
001    13399124623
003     ULIB
008    151030s||||||||th 000 0 tha d
024    ^a9789747943856
050  0 ^aฺBQ4570^bบ273ธ
100 0  ^aบัว ญาณสัมปันโน^cพระมหา
245 10 ^aธรรมชุดเตรียมพร้อม /^cพระมหาบัว ญาณสัมปันโน
260    ^aกรุงเทพฯ :^bโรงพิมพ์มหามกุฏราชวิทยาลัย,^c2555
300    ^a316 หน้า
650  7 ^aพุทธศาสนา^xปาฐกถา
650  7 ^aธรรมะ
650  0  พระมหาบัว ญาณสัมปันโน, 2456-2554 -- เทศนา
700 0  ^aบัว ญาณสัมปันโน^cพระมหา
945    ^p0^l0^i000156
945    ^p0^l0^i001411
999    ^aเกษร โพธิ์สุวรรณ
รายการนี้ยังไม่มีแท็ก
คุณยังไม่ได้ล็อกอิน คุณสามารถมีกิจกรรมร่วมกับเว็บไซต์ได้ แต่ต้องล็อกอินก่อน ::
  ล็อกอิน

รายการสื่อสารสนเทศ

ลำดับที่ ประเภท เลขเรียก/บาร์โค้ด สถานที่ สถานะ
1. การศึกษาทั่วไป
การศึกษาทั่วไป
ฺBQ4570 บ273ธ ฉ.1 
  Barcode: 000156
ห้องสมุดวิทยาเขตสวรรค์ประชารักษ์
►หนังสือทั่วไป
บนชั้น
2. การศึกษาทั่วไป
การศึกษาทั่วไป
ฺBQ4570 บ273ธ ฉ.2 
  Barcode: 001411
ห้องสมุดวิทยาเขตสวรรค์ประชารักษ์
►หนังสือทั่วไป
บนชั้น

รายการใกล้เคียง
    หัวเรื่อง [ธรรมะ]

BibComment


ยังไม่เคยถูกคอมเมนท์

คอมเมนท์ทรัพยากรรายการนี้
  คอมเมนท์: ธรรมชุดเตรียมพร้..


 Copyright 2026. Bcnsprnw @Library